000 01132cam a2200301 i 4500
999 _c47009
_d47009
001 20658
003 CO-MdFUSB
005 20180622073208.0
008 161004t2003 xxu||||f |||| 00| 0 eng d
020 _a978-0-8006-3594-7
040 _aCO-MdFUSB
_bEspañol
_cCO-MdFUSB
_dCO-MdFUSB
_erda
041 _aeng
082 _224
_a226.506
_bK78s
100 1 _aKoester, Craig R.
_eautor
_d1953-
245 1 0 _aSymbolism in the fourth gospel
_b : Meaning, mystery, community
_c / Craig R. Koester
250 _aSegunda edición
264 4 _aMinneapolis, Minnesota :
_bFortress Press,
_c©2003
300 _axix, 347 páginas
336 _2rdacontent
_atexto
_btxt
337 _2rdamedia
_asin mediación
_bn
338 _2rdacarrier
_avolumen
_bnc
504 _aIncluye índices (páginas: 339-347)
505 0 2 _aSímbolo, significado y misterio - Figuras representativas - Acciones simbólicas - Luz y oscuridad - Agua - La crucifixión - Símbolo y la comunidad - Símbolo y el conocimiento de Dios
540 _aRústico
630 0 7 _aBiblia.
_vJuan
_xCrítica, interpretación, etc.
942 _cBK